| 000 | 01336nam a2200385 c 4500 | ||
|---|---|---|---|
| 001 | 47293 | ||
| 003 | ES-MaCES | ||
| 005 | 20160401113835.0 | ||
| 008 | 160331s2015 sp 000 | spa d | ||
| 017 |
_aM 11909-2015 _bDL |
||
| 020 | _a9788494014796 | ||
| 040 |
_aES-MaCES _bspa _cES-MaCES |
||
| 100 | 1 |
_936625 _aPérez González, Javier |
|
| 245 | 1 | 3 |
_aLa política española de internacionalización de la empresa _b: un análisis desde la coherencia de políticas para el desarrollo _cJavier Pérez González |
| 260 |
_a[Madrid] _b2015 y Más _c[2015] |
||
| 300 |
_a175 p. _c24 cm |
||
| 490 | 1 |
_aLa Política _v7 |
|
| 504 | _aBibliografía: p. 155-168 | ||
| 541 | _cGratuito | ||
| 650 | 4 |
_apolítica de desarrollo _927014 |
|
| 650 | 4 |
_aayuda al desarrollo _926634 |
|
| 650 | 4 |
_atérminos de la ayuda _926651 |
|
| 650 | 4 |
_aempresa _928178 |
|
| 650 | 4 |
_aempresa multinacional _927142 |
|
| 650 | 4 |
_apolítica de inversiones _928143 |
|
| 650 | 4 |
_aderechos humanos _927171 |
|
| 650 | 4 |
_aresponsabilidad del empleador _930146 |
|
| 650 | 4 |
_aresponsabilidad social _930590 |
|
| 650 | 4 |
_aEspaña _926964 |
|
| 650 | 4 |
_arepertorio de recomendaciones prácticas _929261 |
|
| 653 | 1 | 0 | _aCooperación al desarrollo |
| 830 | 0 |
_aLas personas, la política, el mundo _v7 _934660 |
|
| 902 | _aLIB Libro | ||
| 942 |
_2CES _cBK _h1.2. |
||
| 999 |
_c47293 _d47293 |
||